| 000 | 00787nam a2200229 a 4500 | ||
|---|---|---|---|
| 001 | BRL_1095 | ||
| 005 | 20190320211031.0 | ||
| 008 | 111113s1925----gw-ab#####---#000-0#ger-# | ||
| 041 | _ager | ||
| 044 | _agw | ||
| 050 | 4 |
_aF1215 _b.S45 1925 |
|
| 100 | 1 |
_aSeler-Sachs, Caecilie _925787 |
|
| 245 | 1 | 0 |
_aAuf alten wegen in Mexiko und Guatemala _bZweite, neubearbeitete Auflage Mit 174 Abbildungen auf Tafeln und im Text und 14 Plänen und Karten _cCaecilie Seler-Sachs. |
| 260 |
_aStuttgart _bStrecker und Schröder _c1925 |
||
| 300 |
_axvi, 286 p. _bil., mapas _c25 cm. |
||
| 500 | _aAu1270 | ||
| 500 | _aEstado físico: Tiene desprendido el lomo | ||
| 651 | 4 |
_aMéxico _xDescripción y viajes _9103 |
|
| 651 | 4 |
_aGuatemala _xDescripción y viajes _9675 |
|
| 902 | _aGRL | ||
| 942 |
_2lcc _cB |
||
| 999 |
_c9907 _d9907 |
||